000 00794nam a2200253 i 4500
001 77873
003 ES-MaACL
005 20250505180700.0
007 t|
008 041112s1980 sp ||||1| spa d
017 _aB 35981-1980
020 _a84-7002-307-1
245 0 0 _aCinco años después /
_c[Manuel Fraga... (et al.)].
260 _aBarcelona :
_bAcervo,
_c1980.
300 _a156 p. ;
_c23 cm.
651 4 _aEspaña-
_xPolítica y gobierno-
_y1975-1982.
_98447
700 1 _aFraga Iribarne, Manuel,
_d1922-2012
_9193721
700 _aVelarde Fuertes, Juan,
_9236903
_d1927-2023
700 1 _aSemprún, Jorge,
_d1923-2011
_9105418
700 1 _aSilva Muñoz, Federico.
_9106406
852 _aES-MaACL
_jE-10350
_bR.130880
942 _2udc
999 _c77873
_d77873